The World Bank and Africa the construction of governance states /

Bibliographic Details
Main Author: Harrison, Graham, 1968-
Corporate Author: ProQuest (Firm)
Format: Electronic eBook
Language:English
Published: London ; New York : Routledge, 2004.
Series:Routledge advances in international political economy ; 13.
Subjects:
Online Access:Click to View
LEADER 01639nam a2200433Ia 4500
001 EBC182509
003 MiAaPQ
005 20191030193357.0
006 m o d |
007 cr cn|||||||||
008 031118s2004 enka sb 001 0 eng d
010 |z  2003025313 
020 |z 0203500644 
020 |z 9780415302807 
020 |z 0415302803 (Hardback) 
020 |a 9780203500644 (electronic bk.) 
035 |a (MiAaPQ)EBC182509 
035 |a (Au-PeEL)EBL182509 
035 |a (CaPaEBR)ebr10099023 
035 |a (CaONFJC)MIL7716 
035 |a (OCoLC)437055370 
040 |a MiAaPQ  |c MiAaPQ  |d MiAaPQ 
050 4 |a HG3881.5.W57  |b H37 2004 
082 0 4 |a 338.91/096  |2 22 
100 1 |a Harrison, Graham,  |d 1968- 
245 1 4 |a The World Bank and Africa  |h [electronic resource] :  |b the construction of governance states /  |c Graham Harrison. 
260 |a London ;  |a New York :  |b Routledge,  |c 2004. 
300 |a xiii, 162 p. :  |b ill. 
490 1 |a Routledge advances in international political economy ;  |v 13 
504 |a Includes bibliographical references (p. [133]-160) and index. 
533 |a Electronic reproduction. Ann Arbor, MI : ProQuest, 2016. Available via World Wide Web. Access may be limited to ProQuest affiliated libraries. 
610 2 0 |a World Bank. 
650 0 |a Economic history. 
651 0 |a Africa  |x Economic policy. 
651 0 |a Africa  |x Politics and government  |y 1960- 
655 4 |a Electronic books. 
710 2 |a ProQuest (Firm) 
830 0 |a Routledge advances in international political economy ;  |v 13. 
856 4 0 |u https://ebookcentral.proquest.com/lib/matrademy/detail.action?docID=182509  |z Click to View